| Registos Bibliográficos associados ao registo de autoridade |
|
Etiqueta de registo: 01414nbm 2200313 450 001 1978136 003 http://id.bnportugal.gov.pt/bib/catbnp/1978136 100 ## $a20131211f17011800k y0pory01030103ba 101 0# $aita 105 ## $ay z 000yy 106 ## $ah 200 1# $aDiscorso Intorno Alla Filosofia Al Nostro Santissimo Padre Innocenzio Duodecimo$fGiuseppe Valletta a richiesta de SS. Deputati.$bManuscrito] 210 #1 $d[1701-1800] 215 ## $a[50] f., enc.$d23 cm 300 ## $aCópia cuidada 304 ## $aTexto em italiano 304 ## $aTrata-se de uma obra dedicada ao Papa Inocêncio XII em que o autor esclarece a sua
posição sobre a Inquisição 307 ## $aManchado pela tinta ferrogálica e humidade; aparado 307 ## $aEncadernação em marroquim vermelho com gravação a ouro nas pastas e lombada; corte
a ouro 316 ## $aCota antiga: A-3-31 321 1# $aDescrição em: Inventario. Secção XIII - Manuscriptos / [José António Moniz]. - Lisboa
: BN, 1896 700 #1 $aValletta,$bGiuseppe,$f1636-1714$31699195 712 02 $aIgreja Católica.$bPapa,$c1691-1700 (Inocêncio XII)$4280$3120171 801 #0 $aPT$bBN$gRPC 856 40 $uhttps://purl.pt/51513 856 41 $uhttps://purl.pt/51513/service/media/cover/low 856 49 $uhttps://purl.pt/51513/service/media/pdf$qapplication/pdf 958 ## $aBND$bLivre$cDigitalizado$d1$ehttps://purl.pt/51513/service/media/cover/max 966 ## $lBN$mRESMAN$sCOD. 98 972 ## $e0$z0$d20260506$vipires 995 ## $aPRR2022 $d20231115$idfontes$zBND
|
|
|